[Event "Montreal op U2000"]
[Site "Montreal"]
[Date "2016.09.11"]
[Round "5.60"]
[White "Nafii, Adali"]
[Black "Richard, Leo"]
[Result "0-1"]
[WhiteElo "1623"]
[BlackElo "1481"]
[PlyCount "54"]
[EventDate "2016.09.09"]
[EventType "swiss"]
[EventRounds "5"]
[EventCountry "CAN"]
[SourceTitle "EXT 2022"]
[Source "ChessBase"]
[SourceDate "2021.10.06"]
[SourceVersion "1"]
[SourceVersionDate "2021.10.06"]
[SourceQuality "1"]

1. d4 d5 2. c4 c6 3. Nc3 e6 4. Nf3 dxc4 5. a4 Bb4 6. e3 b5 7. axb5 cxb5 8. Bd2 Bxc3 9. Bxc3 Nf6 10. b3 0-0 11. bxc4 bxc4 12. Bb4 Re8 13. Bxc4 Bb7 14. 0-0 Nbd7 15. Bb5 Rb8 16. Ba5 Qe7 17. Ba4 Rec8 18. Rb1 Be4 19. Rxb8 Rxb8 20. Nd2 Bd3 21. Re1 Ne4 22. Nxe4 Bxe4 23. Qd2 Nb6 24. Bb5 Qg5 25. Bf1 Nc4 26. Qc3 Qxa5 27. Qxc4 Qxe1 0-1